000 02210nam0a2200421 4500
001 RU\NLR\BIBL_A\022681507
005 20260119151934.0
010 _a978-5-91476-172-8
_9500
021 _aRU
_bКН-П-25-064937
_9КН-П-25-6294
035 _a(NLR Aleph) 022681507
090 _a13533453
_c13533453
100 _a20251208d2025 k y0rusy50 ca
101 0 _arus
102 _aRU
105 _aah z 000zd
181 0 _ai3
_baxxe
182 1 _an
200 1 _aКнижные центры Древней Руси
_iСоловки и Русский Север
_eсборник научных статей
_fИнститут русской литературы (Пушкинский Дом) Российской академии наук
_gотв. ред.: О. В. Панченко
203 _aТекст
_bвизуальный
_cнепосредственный
210 _aСанкт-Петербург
_cПушкинский Дом
_d2025
215 _a670, [1] с., [16] цв. ил., факс.
_cил., табл., факс.
_d22
320 _aБиблиогр. в подстроч. примеч. и в тексте
601 0 2 _aСоловецкий монастырь
_jСборники
_91625463
_3RU\NLR\AUTH\66717498
606 1 _aДревнерусская литература
_jСборники
_9912888
_3RU\NLR\AUTH\6614047
606 1 _aРукописные книги
_jСборники
_yДревняя Русь
_92169033
_3RU\NLR\AUTH\661304883
606 1 _aМонастыри
_jСборники
_yРоссия
_yСевер
_92102477
_3RU\NLR\AUTH\661271405
686 1 _aЧ611.53(2)4я43
686 1 _aШ5(2=Р)3я43
686 2 _aЭ372.24-647.2я43
702 1 _4340
_aПанченко
_bО. В.
_f1963-
_gОлег Витальевич
_9143337
_3RU\NLR\AUTH\770143373
711 0 2 _aСоловецкий монастырь
_bБиблиотека
_9350232
_3RU\NLR\AUTH\889927293
712 0 2 _4475
_aИнститут русской литературы
_cСанкт-Петербург
_9470889
_3RU\NLR\AUTH\889987635
942 _cBOOK
980 _aNB